Marketing mix, tvorba a realizácia v mikroprostredí firmy : Bakalárska práca

Gespeichert in:
Bibliographische Detailangaben
1. Verfasser: Adamová, Miroslava (Verfasst von)
Weitere Verfasser: Molnárová, Dagmar (xxx)
Format: Manuskript Buch
Sprache:Slowakisch
Veröffentlicht: Trnava : STU v Bratislave MtF KPIM, 2004
Schlagworte:
Tags: Tag hinzufügen
Keine Tags, Fügen Sie das erste Tag hinzu!

MARC

LEADER 00000ntm a22000003a 4500
001 stu91050
005 20160719154640.7
008 041018s2004----xo------------------slo-d
040 |a STU  |b slo 
041 0 |a slo 
044 |a xo 
100 1 |a Adamová, Miroslava  |4 aut 
245 1 |a Marketing mix, tvorba a realizácia v mikroprostredí firmy :  |b Bakalárska práca 
260 |a Trnava :  |b STU v Bratislave MtF KPIM,  |c 2004 
300 |a 56 s  |c príl., 1 CD 
650 7 |a priemyselné inžinierstvo a manažment  |2 stusub 
650 7 |a produkty  |2 stusub 
650 7 |a ceny  |2 stusub 
650 7 |a propagácia podniku  |2 stusub 
650 7 |a marketing mix  |2 estusub 
700 1 |a Molnárová, Dagmar  |4 xxx  |u M190  |U MTF Materiálovotechnologická fakulta  |T MTF Katedra priemyselného inžinierstva a manažmentu  |U M190  |Y 167 
996 |b 284M060762  |c M*BP-841  |l MMSKP  |s P  |a 0  |w stu91050_0001